Rok poté Česko-slovenské vztahy v kontextu české zahraniční politiky

Rozhovor s ministrom zahraničných vecí ČR J. Zielencom. Česko - slovenské vzťahy v kontexte českej zahraničnej politiky rok po rozdelení republiky. Utváranie vzťahov medzi oboma štátmi. Spolupráca na medzinárodnom poli. Smerovanie českej zahraničnej politiky. Procesy integrácie prebiehajúce po celom...

Ausführliche Beschreibung

Gespeichert in:
Bibliographische Detailangaben
1. Verfasser: Zieleniec, J.
Format: Buchkapitel
Sprache:Tschechisch
Schlagworte:
Tags: Tag hinzufügen
Keine Tags, Fügen Sie das erste Tag hinzu!

MARC

LEADER 00000naa a2200000 4500
001 r016074
005 20221213082317.1
041 0 |a cze 
044 |a CZ 
245 1 0 |a Rok poté  |b Česko-slovenské vztahy v kontextu české zahraniční politiky  |c J. Zieleniec 
520 |a Rozhovor s ministrom zahraničných vecí ČR J. Zielencom. Česko - slovenské vzťahy v kontexte českej zahraničnej politiky rok po rozdelení republiky. Utváranie vzťahov medzi oboma štátmi. Spolupráca na medzinárodnom poli. Smerovanie českej zahraničnej politiky. Procesy integrácie prebiehajúce po celom svete a vzťah českej zahraničnej politiky k týmto procesom. 
610 2 0 |a politika zahraničná 
610 2 0 |a Česko 
610 2 0 |a Slovensko 
610 2 0 |a integrácia 
610 2 0 |a politika medzinárodná 
100 1 |a Zieleniec, J.